000 01583cam a2200385 a 4500
999 _c529660
_d529660
001 674265
003 NUST
005 20191001111033.0
008 950901s1995 dcua b 000 0 eng d
010 _a 95061638
020 _a0309058635
035 _a(OCoLC)34149037
038 _aMSOHAIL
040 _aCU-IT
_cCU-IT
_dDLC
042 _alccopycat
050 0 0 _aTG340
_b.M293 1995
082 0 0 _a624.28
_220
100 1 _aManning, David G.
_921497
245 1 0 _aWaterproofing membranes for concrete bridge decks /
_cDavid G. Manning.
260 _aWashington, D.C. :
_bNational Academy Press,
_c1995.
300 _a69 p. :
_bill. ;
_c28 cm.
440 0 _aSynthesis of highway practice,
_x0547-5570 ;
_v220
_922100
500 _a"Transportation Research Board, National Research Council."
500 _a"Research sponsored by the American Association of State Highway and Transportation Officials in cooperation with the Federal Highway Administration."
504 _aIncludes bibliographical references (p. 56-60).
650 0 _aConcrete bridges
_xFloors.
_921142
650 0 _aWaterproofing.
_922101
650 0 _aMembranes (Technology)
_91015
710 2 _aNational Research Council (U.S.).
_bTransportation Research Board.
_919676
710 2 _aAmerican Association of State Highway and Transportation Officials.
_919553
710 2 _aUnited States.
_bFederal Highway Administration.
_920149
906 _a7
_bcbc
_ccopycat
_d2
_eopcn
_f19
_gy-gencatlg
942 _2ddc
_cBK